| 000 | 00461nam a2200169Ia 4500 | ||
|---|---|---|---|
| 005 | 20241025170724.0 | ||
| 008 | 240126s9999 xx 000 0 und d | ||
| 020 | _a9789332518667 | ||
| 082 | _a001.6425 AHO;1 R | ||
| 100 | _aAho, Alfred V. Lam, Monica S. Sethi, Ravi ...[et al.] | ||
| 245 | 0 | _aCompilers : principles, techniques and tools | |
| 250 | _a2nd ed. | ||
| 260 |
_bPearson _aSouth Asia _c2014 |
||
| 300 | _a948 | ||
| 440 | _aNULL | ||
| 942 | _cPU | ||
| 999 |
_c286547 _d286547 |
||